| 000 | 01736cam a22004574i 4500 | ||
|---|---|---|---|
| 003 | PE-LiUPU | ||
| 005 | 20250731172940.0 | ||
| 008 | 150623s r 000 0 d | ||
| 020 | _a1563380919 | ||
| 035 | _a(Sirsi) i9781563380914 | ||
| 040 |
_aPE-LiUPU _bspa _cPE-LiUPU _erda |
||
| 049 | _aPRUA | ||
| 082 | 0 | 4 |
_a229.91 _bA48 _221 |
| 100 | 1 |
_aAmaru, Betsy Halpern, _eautor. |
|
| 245 | 1 | 0 |
_aRewriting the Bible : _bland and covenant in post-Biblical Jewish literature / _cBetsy Halpern Amaru. |
| 264 | 1 |
_aPennsylvania : _bTrinity Press International, _c1994. |
|
| 300 |
_a189 páginas ; _c23 centímetros |
||
| 336 |
_atext _2rdacontent |
||
| 337 |
_aunmediated _2rdamedia |
||
| 338 |
_avolume _2rdacarrier |
||
| 504 | _aIncluye bibliografía. | ||
| 505 | 0 | _aReading the Bible: Land and covenant. - The metahistorical covenant of jubilees. - Covenant and Aquedah: The testament of Moses. - The historical covenant of pseudo-philo. - Land and covenant in Josephus'Jewish Antiquities. -Land and the rewritten covenant. | |
| 526 | _aSEG42 | ||
| 526 | _aSEG41 | ||
| 526 | _aSEG40 | ||
| 526 | _aSEG39 | ||
| 526 | _aP94 | ||
| 526 | _aP87 | ||
| 526 | _aP86 | ||
| 526 | _aP85 | ||
| 526 | _aP77 | ||
| 526 | _aP76 | ||
| 526 | _aP35 | ||
| 650 | 0 | 4 |
_aLibros apócrifos _xCrítica, interpretación, etc. |
| 942 |
_2ddc _cBOOK |
||
| 949 |
_a229.91 A48 _wDEWEY _c1 _i44537 _lCCODEBUL1 _mBUL _r0 _sY _tBOOK _u2015-6-24 _xTEOLOGIA _PP35 _0COMPRA _o.STAFF. Colección General |
||
| 994 |
_aC0 _bPEPRU |
||
| 596 | _a1 | ||
| 999 |
_a229.91 A48 _wDEWEY _c21420 _i44537 _f2021-11-9 _g5 _lCCODEBUL1 _mBUL _r0 _sY _tBOOK _u2015-6-24 _xTEOLOGIA _PP35 _0COMPRA _o.STAFF. Colección General _d21420 |
||
| 980 |
_81 _gALBERTO SANCHEZ Responsable de Automatización |
||